A textbook of electrical technology / (Record no. 162871)
[ view plain ]
| 000 -LEADER | |
|---|---|
| fixed length control field | 00678nam a22002057a 4500 |
| 005 - DATE AND TIME OF LATEST TRANSACTION | |
| control field | 20190325112655.0 |
| 010 ## - LCCN (DPL NO) | |
| LC control number | B-154827 |
| 020 ## - INTERNATIONAL STANDARD BOOK NUMBER | |
| International Standard Book Number | 8121911400 |
| Terms of availability | 150.00 |
| 035 ## - SYSTEM CONTROL NUMBER | |
| System control number | B-154827 |
| 082 ## - DEWEY DECIMAL CLASSIFICATION NUMBER | |
| Classification number | 621.3 |
| 100 ## - MAIN ENTRY--PERSONAL NAME | |
| Personal name | Theraja,B.L. |
| 245 ## - TITLE STATEMENT | |
| Title | A textbook of electrical technology / |
| Statement of responsibility, etc | B.L. Theraja |
| 250 ## - EDITION STATEMENT | |
| Edition statement | 23rd thoroughly rev. ed |
| 260 ## - PUBLICATION, DISTRIBUTION, ETC. (IMPRINT) | |
| Place of publication, distribution, etc | New Delhi |
| Name of publisher, distributor, etc | S.Chand |
| Date of publication, distribution, etc | 2004(repr.) |
| 270 ## - ADDRESS | |
| Address | 7361, Ram Nagar, |
| City | New Delhi |
| Postal code | 110055 |
| Telephone number | 23672080-81 |
| 300 ## - PHYSICAL DESCRIPTION | |
| Extent | V.3(viii,1457-1824p.) : |
| Other physical details | ill. |
| Dimensions | 24cm(Hb) |
| 505 ## - FORMATTED CONTENTS NOTE | |
| Formatted contents note | v.3-Transmission, distribution and utilization in S.I. system of units |
| 942 ## - ADDED ENTRY ELEMENTS (KOHA) | |
| Source of classification or shelving scheme | Dewey Decimal Classification |
| Item type | English Books |
| Classification part | 621.3 |
| Call number suffix | THE |
| Withdrawn status | Lost status | Materials specified (bound volume or other part) | Not for loan | Collection code | Home library | Current library | Date acquired | Cost, normal purchase price | Full call number | Barcode | Cost, replacement price | Koha item type |
|---|---|---|---|---|---|---|---|---|---|---|---|---|
| vOLUME-III | Non-fiction | Central Library | Central Library | 23/03/2019 | 150.00 | 621.3 THE | B-154827 | 150.00 | English Books |
